Повышение скорости и широкозахватная техника в сельском хозяйстве. ... за 1966-1969 гг. (Запись № 6528125)

Подробности
000 -МАРКЕР
контрольное поле 02615nam2a2200325 4500
001 - ИДЕНТИФИКАТОР ЗАПИСИ
контрольное поле rc\3603334
005 - ИДЕНТИФИКАТОР ВЕРСИИ
контрольное поле 20260508114540.0
021 ## - НОМЕР ГОСУДАРСТВЕННОЙ РЕГИСТРАЦИИ
Код страны Российская Федерация
Номер [70-84206]
035 ## - ДРУГИЕ СИСТЕМНЫЕ НОМЕРА
Идентификатор записи (NLR Aleph) 007680059
100 ## - ДАННЫЕ ОБЩЕЙ ОБРАБОТКИ
Данные общей обработки 20130115d1970 u y0rusy50 ca
101 0# - ЯЗЫК РЕСУРСА
Язык текста, звукозаписи и т.д. русский
102 ## - СТРАНА ПУБЛИКАЦИИ ИЛИ ПРОИЗВОДСТВА
Страна публикации Российская Федерация
105 ## - ПОЛЕ КОДИРОВАННЫХ ДАННЫХ: ТЕКСТОВЫЕ МАТЕРИАЛЫ, МОНОГРАФИЧЕСКИЕ
Кодированные данные о монографическом текстовом документе y acg 000yy
200 0# - ЗАГЛАВИЕ И СВЕДЕНИЯ ОБ ОТВЕТСТВЕННОСТИ
Основное заглавие ... за 1966-1969 гг.
Первые сведения об ответственности ... Справочно-библиографический отдел
Последующие сведения об ответственности составитель: О. Н. Виноградова
-- редактор: Л. С. Авраамова
210 ## - ПУБЛИКАЦИЯ, РАСПРОСТРАНЕНИЕ И ДР.
Дата издания, распространения и т.д. 1970
215 ## - ФИЗИЧЕСКАЯ ХАРАКТЕРИСТИКА
Специфическое обозначение материала и объем 69, [1] с.
300 ## - ОБЩИЕ ПРИМЕЧАНИЯ
Текст примечания Подзаг. вып.: Библиографический указатель отечественной литертуры в количестве 358 названий и иностранной в количестве 49 названий
300 ## - ОБЩИЕ ПРИМЕЧАНИЯ
Текст примечания На обороте тит. л.: Составлен 17 июня 1970 г.
320 ## - ПРИМЕЧАНИЯ О НАЛИЧИИ В ДОКУМЕНТЕ БИБЛИОГРАФИИ / УКАЗАТЕЛЯ
Текст примечания Библиогр. в конце кн.
461 #0 - УРОВЕНЬ НАБОРА
Встроенное поле 001rc\3603333
-- 2001#$aПовышение скорости и широкозахватная техника в сельском хозяйстве$eбиблиографический указатель ...$fВсесоюзная академия сельскохозяйственных наук имени В. И. Ленина, Центральная научная сельскохозяйственная библиотека$v... за 1966-1969 гг.
Системный номер (АБИС) связанной записи 6528116
Место публикации Москва
Дата публикации 1966-1978
Первые сведения об ответственности Всесоюзная академия сельскохозяйственных наук имени В. И. Ленина, Центральная научная сельскохозяйственная библиотека
Имя издателя, распространителя и т.д. ЦНСХБ ВАСХНИЛ
Сведения, относящиеся к заглавию библиографический указатель ...
Заглавие Повышение скорости и широкозахватная техника в сельском хозяйстве
Номер тома ... за 1966-1969 гг.
702 #1 - ИМЯ ЛИЦА - ВТОРИЧНАЯ ОТВЕТСТВЕННОСТЬ
Код отношения Составитель
Графика поля Кириллица
Материалы, к которым относится поле rus
Начальный элемент ввода Виноградова
Часть имени, кроме начального элемента ввода О. Н.
Дополнения к именам, кроме дат библиограф
Даты 1899-
Расширение инициалов личного имени Ольга Николаевна
Системный номер авторитетной/нормативной записи 2707808
Идентификатор авторитетной/нормативной записи RU\NLR\AUTH\770293219
702 #1 - ИМЯ ЛИЦА - ВТОРИЧНАЯ ОТВЕТСТВЕННОСТЬ
Код отношения Редактор
Графика поля Кириллица
Материалы, к которым относится поле rus
Начальный элемент ввода Авраамова
Часть имени, кроме начального элемента ввода Л. С.
Даты 1904-
Расширение инициалов личного имени Любовь Сергеевна
Системный номер авторитетной/нормативной записи 242292
Идентификатор авторитетной/нормативной записи RU\NLR\AUTH\770242348
712 02 - НАИМЕНОВАНИЕ ОРГАНИЗАЦИИ - ВТОРИЧНАЯ ОТВЕТСТВЕННОСТЬ
Код отношения Прочие
Начальный элемент ввода Центральная научная сельскохозяйственная библиотека
Структурное подразделение Справочно-библиографический отдел
Идентифицирующий признак Москва
Системный номер авторитетной/нормативной записи 2708408
Идентификатор авторитетной/нормативной записи RU\NLR\AUTH\880642432
852 ## - МЕСТОНАХОЖДЕНИЕ И ШИФР ХРАНЕНИЯ
Идентификатор организации NLR
Шифр хранения (Call Number) с367-410/П-42
942 ## - ДОПОЛНИТЕЛЬНЫЕ ЭЛЕМЕНТЫ ЗАПИСИ (АБИС)
Тип экземпляра АБИС Книга
980 ## - КОЛЛЕКЦИЯ
Название коллекции Национальная библиография
Экземпляры
Тип экземпляра Дата поступления Библиотека постоянного хранения Библиотека текущего хранения Место хранения Шифр хранения Штрих-код Статус экземпляра
Книга 26.10.2013 РНБ (Московский) РНБ (Московский) Центральная справочная библиотека С367-410/П-42 1-4228659  
Книга 05.04.2023 РНБ (Московский) РНБ (Московский) Центральная справочная библиотека С367-410/П-42 1-4228660